|
|
|
|
| LEADER |
00753nab a2200193 i 4500 |
| 001 |
acta33226 |
| 005 |
20231009103213.0 |
| 008 |
161017s1934 hu o 0|| hun d |
| 040 |
|
|
|a SZTE Egyetemi Kiadványok Repozitórium
|b hun
|
| 041 |
|
|
|a hun
|
| 100 |
1 |
|
|a Jeges Sándor
|
| 245 |
1 |
0 |
|a Összetett és egyszerű anyagok
|h [elektronikus dokumentum] :
|b tanítás a fiúiskola IV. osztályában : [kémia- és ásványtan] /
|c Jeges Sándor
|
| 260 |
|
|
|c 1934
|
| 300 |
|
|
|a 140-148
|
| 490 |
0 |
|
|a A cselekvés iskolája
|v 1-2
|
| 650 |
|
4 |
|a Társadalomtudományok
|
| 650 |
|
4 |
|a Oktatástudomány
|
| 695 |
|
|
|a Kémia tanítása módszer, Szerves kémia, Szervetlen kémia
|
| 856 |
4 |
0 |
|u http://acta.bibl.u-szeged.hu/33226/1/cselekves_001_002_140-148.pdf
|z Dokumentum-elérés
|